Normal view
MARC view
- Desai, Shilpa J
Entry Personal Name
001 - CONTROL NUMBER
- control field: 126796
003 - CONTROL NUMBER IDENTIFIER
- control field: NUST
005 - DATE AND TIME OF LATEST TRANSACTION
- control field: 20241107150149.0
008 - FIXED-LENGTH DATA ELEMENTS
- fixed length control field: 241107|| aca||aabn | a|a d
040 ## - CATALOGING SOURCE
- Original cataloging agency: NUST
- Transcribing agency: NUST
100 ## - HEADING--PERSONAL NAME
- Personal name: Desai, Shilpa J
670 ## - SOURCE DATA FOUND
- Source citation: Work cat.: (NUST): Atlas of Retinal OCT :, 2024.
